Les Changements d'état de la Matière (Version Complexe) - Statistiques

Statistiques générales
  • Ce quiz a été pris 35 fois
  • Le résultat moyen est 6 sur 12
Statistiques - réponses
Changement d'état Nom % Correct
Liquide --> Solide Solidification
97%
Solide --> Liquide Fusion
83%
Gaz --> Liquide Liquéfaction
83%
Solide --> Gaz Sublimation
62%
Gaz --> Solide Condensation
59%
Plasma --> Liquide Recombinaison
59%
Plasma --> Solide Recombinaison
59%
Liquide --> Gaz Vaporisation
59%
Liquide --> Plasma Vaporisation
59%
Gaz --> Plasma Ionisation
14%
Plasma --> Gaz Désionisation
10%
Solide --> Plasma Sublimation ionique
3%
Aucun quiz correspondant
Distribution des résultats
% des personnes avec chaque résultat
Percentile par nombre de réponses
Votre historique - résultats
Vous n’avez pas pris ce quiz